00382nam a2200145Ia 4500003000400000005001700004008004100021040001800062041000800080100004200088110001600130245004300146260002000189710002700209OSt20260316122412.0211028s2015 xx 000 0 und d cAIMIT LIBRARY aeng aD' Souza, Sonia;N, Hemalatha.g121750 aManimozhi R aNo Queue- Toll Tax Collection System / aMangalorec2015 aITC Infotech India Ltd